ARRUPE JESUIT UNIVERSITY

CORONAVIRUS -STOP THE SPREAD - CLEAN,DISINFECT,COVER

Philosophy of language: (Record no. 131284)

MARC details
000 -LEADER
fixed length control field 00480nam a22001457a 4500
008 - FIXED-LENGTH DATA ELEMENTS--GENERAL INFORMATION
fixed length control field 220407b |||||||| |||| 00| 0 eng d
020 ## - INTERNATIONAL STANDARD BOOK NUMBER
International Standard Book Number 0415171164.
050 ## - LIBRARY OF CONGRESS CALL NUMBER
Classification number P106.L886 2000
100 ## - MAIN ENTRY--PERSONAL NAME
Personal name Lycan,William G
9 (RLIN) 51286
245 ## - TITLE STATEMENT
Title Philosophy of language:
Remainder of title a contemporary introduction
Statement of responsibility, etc William D.Lycan
260 ## - PUBLICATION, DISTRIBUTION, ETC. (IMPRINT)
Place of publication, distribution, etc Londaon:
Name of publisher, distributor, etc Routledge Taylor and Francis Group,
Date of publication, distribution, etc 2000.
300 ## - PHYSICAL DESCRIPTION
Extent xi,
Other physical details 238p.;
Dimensions 23cm,
650 ## - SUBJECT ADDED ENTRY--TOPICAL TERM
Topical term or geographic name as entry element Language and languages
General subdivision Philosophy
942 ## - ADDED ENTRY ELEMENTS (KOHA)
Source of classification or shelving scheme Library of Congress Classification
Item type Monograph ( Printed materials)
Holdings
Withdrawn status Lost status Source of classification or shelving scheme Damaged status Not for loan Collection code Home library Current library Shelving location Date acquired Total Checkouts Full call number Barcode Date last seen Price effective from Koha item type
    Library of Congress Classification     Main Collection ARRUPE LIBRARY ARRUPE LIBRARY Main Collection 07/04/2022   P106.L886 2000 46600009218 07/04/2022 07/04/2022 Monograph ( Printed materials)

 

Arrupe Library. PO Box MP320 Mt Pleasant, Harare, Zimbabwe
263 242 745411|librarian@aju.ac.zw